000 00750nam a2200253Ia 4500
003 OSt
005 20220925220457.0
006 a|||||r|||| 00| 0
007 ta
008 220923b |||||||| |||| 00| 0 eng d
020 _a0333353129
037 _cGeneral Book
040 _aRTL
_cRTL
_beng
041 _2eng
_aeng
082 _aX0gY, M3
100 _aLetwin William Ed.
_9284892
245 0 _aAgainst equality
_b Readings on economic and social policy
260 _aLondon
_bMacmillan
_c1983
300 _aix, 400p
_ccm.
490 _aFundation for Education in Economics publication
650 _aEconomics IRTSociology
_9236450
942 _hX0gY, M3
_cGB
_2CC
999 _c571611
_d571611